000 00401nam a2200169Ia 4500
008 230524s9999 xx 000 0 und d
020 _a9788177225358
082 _a650
_bGOE
100 _aP K Goel
245 0 _aBusiness Law For Managers
250 _aIST
260 _aNEW DELHI
_bbiztantra
_c2008
300 _aXXIV;299
500 _aQuantity Number: 20
650 _aManagement
942 _cBK
999 _c40674
_d40674